000
00318nam a22001337a 4500
005
20160308062715.0
008
110923s2012 nyua 001 0 eng
020
_a
9780071767958
020
_a
0071767959
041
0
_a
eng
080
_a
004
245
1
0
_a
Microsoft Office 2010 demystified /
_c
Karin Rex.
942
_2
udc
_c
BK
999
_c
583
_d
583